Detský fašiangový karneval

Bibliographic Details
Main Author: Kičinová, Alena (Author)
Format: Article
Language:Slovak
Subjects:

MARC

LEADER 00000nab a2200000 a 4500
001 vtls010446958
003 SK-MaSNL
005 20260303171550.0
008 120907 2012 xo 000 0 slo
038 |a PPPK 
040 |a PPPKCL  |b slo  |c PPPK  |e AACR2 
041 0 |a slo 
044 |a xo  |c SK 
080 |a 394.25  |x (437.67)  |2 2001 
080 |a 394.1/.7  |2 2001 
100 1 |a Kičinová, Alena  |4 aut  |9 1095015 
245 1 0 |a Detský fašiangový karneval  |c Alena Kičinová 
650 0 7 |a karnevaly  |2 pppkcl  |9 56876 
650 0 7 |a fašiangy  |2 pppkcl  |9 30035 
650 0 7 |a kultúrne podujatia  |2 pppkcl  |9 71676 
651 7 |a Gerlachov (Poprad, Slovensko)  |2 pppkcl  |9 29307 
651 7 |a Poprad (Slovensko : okres)  |2 pppkcl  |9 28675 
773 0 |t Gerlachovský informátor  |g Roč. IX, č. 1 (2012), s. 3 
852 |a PPPK  |b KIS3GCP 
999 |c 2082213  |d 2084143